000 00554nam a2200229Ia 4500
008 160803s9999 xx 000 0 und d
020 _a0 439451620
100 _aMcPhail, David
245 4 _aThe great race /
245 _cby David McPhail.
260 _aNew York :
260 _bScholastic Inc.
260 _c1997
300 _a[29] unnumbered pages :
300 _bcolor illustrations ;
300 _c23 cm.
650 _aDomestic animals --
650 _aRacing --
650 _xFiction.
650 _xFiction.
700 _a170
999 _c298992
_d298992